[Event "CHI-chT"]
[Site "Chile"]
[Date "2023.11.07"]
[Round "2.2"]
[White "Avalos Herrera, Ian"]
[Black "Sepulveda Chavez, Matias"]
[Result "1-0"]
[WhiteElo "1651"]
[BlackElo "1513"]
[PlyCount "77"]
[EventDate "2023.11.07"]
[EventType "team-tourn"]
[EventRounds "7"]
[EventCountry "CHI"]
[SourceTitle "CB46_2023"]
[SourceDate "2023.11.15"]
[SourceVersion "1"]
[SourceVersionDate "2023.11.15"]
[SourceQuality "1"]
[WhiteTeam "USM (V)"]
[BlackTeam "UBB"]
[WhiteTeamCountry "CHI"]
[BlackTeamCountry "CHI"]

1. e4 c5 2. Nf3 Nc6 3. Bb5 d6 4. 0-0 g6 5. Re1 Bg7 6. h3 a6 7. Bf1 e6 8. c3 Qb6 9. Na3 Nge7 10. Nc4 Qc7 11. d4 b5 12. Ne3 0-0 13. d5 exd5 14. Nxd5 Nxd5 15. Qxd5 Be6 16. Qd1 f5 17. Ng5 Rae8 18. a4 c4 19. Bf4 Ne5 20. axb5 axb5 21. Ra6 h6 22. Nxe6 Rxe6 23. Qd5 Qd7 24. Bxe5 Bxe5 25. f4 fxe4 26. fxe5 Qf7 27. Kh1 Rxe5 28. Qxf7+ Rxf7 29. Rxd6 e3 30. Kg1 Ra7 31. Rxg6+ Kf7 32. Rg3 Rae7 33. Be2 Kf6 34. Bg4 h5 35. Rf1+ Kg5 36. Be2+ Kh4 37. Kh2 Re4 38. Rg8 Rd7 39. g3# 1-0